| 000 | 00573nam a2200169Ia 4500 | ||
|---|---|---|---|
| 008 | 090711s9999 xx 000 0 und d | ||
| 082 | _b79793 | ||
| 100 | _aपेंडसे श्री. ना. | ||
| 245 | _aतुंबाडSो खोत | ||
| 260 |
_bकॉन्टीनेन्टल प्रकाशन _c1994 |
||
| 300 | _a1358 | ||
| 600 | _aपेंडसे श्री. ना. | ||
| 630 | _aतुंबाडSो खोत | ||
| 700 | _aपेंडसे श्री. ना. | ||
| 730 | _aतुंबाडSो खोत | ||
| 942 | _cBOOK | ||
| 999 |
_c320927 _d320927 |
||